Sagrado Corazón y los jóvenes..., El : meditaciones para jóvenes / [por] P. S.J. Vignote

Gorde:
Xehetasun bibliografikoak
Egile nagusia: Vignote, P., S.J (autor)
Formatua: Liburua
Edizioa:2a ed.
Gaiak:
Etiketak: Etiketa erantsi
Etiketarik gabe, Izan zaitez lehena erregistro honi etiketa jartzen!

MARC

LEADER 00000nam^a2200000^u^4500
001 000544120
005 20250521000000.0
008 060220s1000^^^^^^^^^^^^r^^^^^000^0^spa^d
009 20260310131320.665
035 |a FMI 000013200 
037 |a Acervo Xavier Clavigero 
096 |a 5.1.1/36/A 
100 |a Vignote, P., S.J.  |e (autor) 
245 1 0 |a Sagrado Corazón y los jóvenes..., El : meditaciones para jóvenes / [por] P. S.J. Vignote 
250 |a 2a ed. 
264 |a Granada : Misioneras Hijas del Corazón de Jesús, 1952 
300 |a 127 p. 
336 |a texto  |b txt  |2 rdacontenido 
337 |a sin mediación  |b n  |2 rdamedio 
338 |a volumen  |b nc  |2 rdasoporte 
649 |a XX 
650 |a SAGRADO CORAZON 
910 |a Fondo Francisco Migoya Covarrubias S.J. 
920 |a Impresos - Libros 
930 |a Fondos Especiales 
905 |a 134 
901 |a SBC16719  |b IT2  |c ESP  |u 20250521 
902 |a https://opac.biblio.iteso.mx/vufind/Record/000544120